| 000 | 00517cam a22001932 4500 | ||
|---|---|---|---|
| 001 | 0000004088 | ||
| 005 | 20170406115542.0 | ||
| 008 | 140812s xx 000 0 eng d | ||
| 020 | _c$ | ||
| 040 |
_aYour Holding Symbol _cYour Holding Symbol |
||
| 100 | 1 | _aFlint,Richard Foster. | |
| 245 | 1 | 4 | _aThe earth and its history. |
| 250 | _a ed. | ||
| 260 |
_aNew york : _bNorton, _c1902. |
||
| 300 |
_a407 p. : _bILL ; _c cm. |
||
| 504 | _aINDEX, BIBLIOGRAPHY. | ||
| 650 | 0 | _aearth. | |
| 908 | _a140812 | ||
| 999 |
_c3929 _d3929 |
||